| 000 | 00380nam a22001457a 4500 | ||
|---|---|---|---|
| 999 |
_c7874 _d7874 |
||
| 003 | OSt | ||
| 005 | 20200528104521.0 | ||
| 008 | 200528b ||||| |||| 00| 0 eng d | ||
| 020 | _a9789388162500 | ||
| 082 |
_a307.141 _bSIN |
||
| 100 | _a Sinha, Jyoti | ||
| 245 | _aRural development : principles, policies and management | ||
| 260 |
_aNew Delhi _bWriters World _c2018 |
||
| 942 | _2ddc | ||